000 00703nam a2200205 a 4500
001 000032462
005 20240412074256.0
008 110718t1999 dr 000 p spa d
040 _aDO-SdBNP
_bspa
_cBNPHU
082 _aRD861.44
_bL864a
100 1 _aLópez Cabral, Dionisio
_958416
245 1 0 _aAuras de olvido /
_cDionisio López Cabral.
260 _aSantiago, República Dominicana :
_bImprenta Quisqueya,
_c[199-?].
300 _a28 p. ;
_c22 cm.
590 _aPerteneció a la biblioteca personal de Juan Isidro Jimenes Grullón.
590 _aInventariado, 2018/LP
650 0 _aPoesía dominicana
_966
650 0 _aLiteratura dominicana.
_967
910 _aValidado. Control de calidad EMS.
999 _c31953
_d31953